[Event "Uljanovsk Cup"]
[Site "Uljanovsk"]
[Date "2009.12.05"]
[Round "1"]
[White "Gusakov, Vitaly Semenovich"]
[Black "Lukianov, Alexander"]
[Result "0-1"]
[WhiteElo "2241"]
[BlackElo "1884"]
[PlyCount "132"]
[EventDate "2009.12.05"]
[EventType "swiss"]
[EventRounds "9"]
[EventCountry "RUS"]
[SourceTitle "EXT 2012"]
[Source "ChessBase"]
[SourceDate "2011.11.24"]
[SourceVersion "1"]
[SourceVersionDate "2011.11.24"]
[SourceQuality "1"]

1. d4 Nf6 2. Nf3 e6 3. c4 b6 4. g3 Bb7 5. Bg2 Be7 6. Nc3 Ne4 7. Qc2 Nxc3 8. Qxc3 Nc6 9. 0-0 f5 10. d5 Bf6 11. Qd3 Nb4 12. Qd2 Qe7 13. a3 Na6 14. Rb1 Nc5 15. Nd4 0-0 16. b4 Ne4 17. Qd3 c5 18. bxc5 Nxc5 19. Qe3 g6 20. Bb2 e5 21. Nb5 d6 22. f4 e4 23. Bd4 Qd7 24. Kh1 Ba6 25. Bh3 Nb7 26. Bxf6 Rxf6 27. Qxe4 Bxb5 28. cxb5 Nc5 29. Qd4 Rf7 30. e4 Nxe4 31. Qxe4 fxe4 32. Bxd7 Rxd7 33. Rbc1 Kf7 34. Rc4 Re8 35. Re1 Rde7 36. Rc6 Rd7 37. Kg2 Kf6 38. g4 h5 39. h3 g5 40. fxg5+ Kxg5 41. Rg1 hxg4 42. Kf2 Rf8+ 43. Ke2 Rf4 44. Rc8 Rdf7 45. Rg8+ Kf5 46. hxg4+ Ke5 47. Rg5+ Kd4 48. Rd1+ Kc4 49. Re1 Kxb5 50. Ke3 Rf3+ 51. Kd4 Rxa3 52. Rb1+ Ka6 53. Kxe4 Ra4+ 54. Ke3 Raf4 55. Rg6 Rf3+ 56. Ke2 R3f6 57. Rxf6 Rxf6 58. Ke3 b5 59. g5 Rf5 60. Rg1 Rxd5 61. g6 Re5+ 62. Kd4 Re8 63. g7 Rg8 64. Kd5 b4 65. Ra1+ Kb6 66. Rg1 a5 0-1

[Event "Uljanovsk op"]
[Site "Uljanovsk"]
[Date "2009.08.26"]
[Round "3"]
[White "Gusakov, Vitaly Semenovich"]
[Black "Meyling, Andrey"]
[Result "1-0"]
[WhiteElo "2251"]
[BlackElo "2035"]
[PlyCount "71"]
[EventDate "2009.08.26"]
[EventType "swiss"]
[EventRounds "9"]
[EventCountry "RUS"]
[SourceTitle "CBM 132 Extra"]
[Source "ChessBase"]
[SourceDate "2009.11.03"]
[SourceVersion "1"]
[SourceVersionDate "2009.11.03"]
[SourceQuality "1"]

1. e4 e6 2. d4 d5 3. Nc3 Nf6 4. Bg5 dxe4 5. Nxe4 Be7 6. Bxf6 Bxf6 7. Nf3 0-0 8. c3 Nd7 9. Bd3 b6 10. Qc2 Bb7 11. 0-0-0 Qe7 12. g4 g6 13. g5 Bg7 14. Kb1 Rfd8 15. h4 c5 16. h5 Rac8 17. hxg6 hxg6 18. Qe2 c4 19. Bc2 b5 20. Rh3 b4 21. Nh2 bxc3 22. Rxc3 Bxe4 23. Bxe4 Nb6 24. Nf3 Rb8 25. Qc2 Qb4 26. Ra3 Rdc8 27. Rc1 a5 28. Ka1 c3 29. Rxc3 Bxd4 30. Nxd4 Qxd4 31. Bxg6 fxg6 32. Qxg6+ Kf8 33. Qxe6 Rxc3 34. bxc3 Qd2 35. Qf6+ Ke8 36. Rh1 1-0

[Event "Uljanovsk Volga Region-ch"]
[Site "Uljanovsk"]
[Date "2008.12.12"]
[Round "10"]
[White "Olisov, Andrey"]
[Black "Gusakov, Vitaly Semenovich"]
[Result "1/2-1/2"]
[WhiteElo "2048"]
[BlackElo "2259"]
[PlyCount "23"]
[EventDate "2008.12.05"]
[EventType "tourn"]
[EventRounds "11"]
[EventCountry "RUS"]
[SourceTitle "EXT 2022"]
[Source "ChessBase"]
[SourceDate "2021.10.06"]
[SourceVersion "1"]
[SourceVersionDate "2021.10.06"]
[SourceQuality "1"]

1. e4 c6 2. d4 d5 3. exd5 cxd5 4. c4 e6 5. cxd5 exd5 6. Nc3 Nc6 7. Nf3 Nf6 8. Be2 Be7 9. 0-0 0-0 10. Be3 Be6 11. Rc1 a6 12. h3 1/2-1/2

[Event "Uljanovsk Volga Region-ch"]
[Site "Uljanovsk"]
[Date "2008.12.11"]
[Round "9"]
[White "Gusakov, Vitaly Semenovich"]
[Black "Trushnikov, Viacheslav"]
[Result "0-1"]
[WhiteElo "2259"]
[BlackElo "1981"]
[PlyCount "54"]
[EventDate "2008.12.05"]
[EventType "tourn"]
[EventRounds "11"]
[EventCountry "RUS"]
[SourceTitle "EXT 2022"]
[Source "ChessBase"]
[SourceDate "2021.10.06"]
[SourceVersion "1"]
[SourceVersionDate "2021.10.06"]
[SourceQuality "1"]

1. d4 d5 2. c4 c6 3. e3 Nf6 4. Nf3 e6 5. Bd3 Nbd7 6. 0-0 Bd6 7. b3 0-0 8. Qc2 e5 9. dxe5 Nxe5 10. Nxe5 Bxe5 11. Bb2 Bxb2 12. Qxb2 dxc4 13. Bxc4 Qe7 14. Nc3 Be6 15. Bd3 Rfd8 16. Rad1 Rd7 17. h3 Rad8 18. Qc2 h6 19. e4 g5 20. f4 gxf4 21. Rxf4 Nh5 22. Rf3 Qc5+ 23. Kh1 Qe5 24. Ne2 Kh8 25. g4 Nf6 26. Qc3 Qxc3 27. Nxc3 Nxg4 0-1

[Event "Uljanovsk Volga Region-ch"]
[Site "Uljanovsk"]
[Date "2008.12.09"]
[Round "7"]
[White "Markin, Igor"]
[Black "Gusakov, Vitaly Semenovich"]
[Result "1-0"]
[WhiteElo "2199"]
[BlackElo "2259"]
[PlyCount "71"]
[EventDate "2008.12.05"]
[EventType "tourn"]
[EventRounds "11"]
[EventCountry "RUS"]
[SourceTitle "EXT 2022"]
[Source "ChessBase"]
[SourceDate "2021.10.06"]
[SourceVersion "1"]
[SourceVersionDate "2021.10.06"]
[SourceQuality "1"]

1. Nf3 Nf6 2. c4 g6 3. Nc3 Bg7 4. e4 d6 5. d4 0-0 6. Be2 e5 7. Be3 Ng4 8. Bg5 f6 9. Bh4 Qe8 10. d5 Qe7 11. Nd2 Nh6 12. 0-0 g5 13. Bg3 f5 14. f3 Nd7 15. Bf2 Nf6 16. Kh1 Kh8 17. Rc1 b6 18. b4 a6 19. c5 fxe4 20. fxe4 Nfg4 21. Bg1 Rxf1 22. Nxf1 bxc5 23. bxc5 Qf6 24. Qe1 Nf7 25. Ng3 Bf8 26. c6 Rb8 27. Rb1 Rxb1 28. Qxb1 Nf2+ 29. Bxf2 Qxf2 30. Qb8 Qe1+ 31. Bf1 Qxc3 32. Qxc8 Kg8 33. Qxc7 h5 34. Nxh5 g4 35. Qd7 Qc1 36. Ng3 1-0

[Event "Uljanovsk Elo"]
[Site "Uljanovsk"]
[Date "2007.12.13"]
[Round "9"]
[White "Gusakov, Vitaly Semenovich"]
[Black "Saveliev, Dmitri"]
[Result "1-0"]
[WhiteElo "2276"]
[BlackElo "2132"]
[PlyCount "43"]
[EventDate "2007.12.07"]
[EventType "tourn"]
[EventRounds "11"]
[EventCountry "RUS"]
[EventCategory "1"]
[SourceTitle "CBM 122 Extra"]
[Source "ChessBase"]
[SourceDate "2008.03.04"]
[SourceVersion "1"]
[SourceVersionDate "2008.03.04"]
[SourceQuality "1"]

1. d4 d6 2. e4 Nf6 3. Nc3 g6 4. Bg5 Bg7 5. Qd2 c6 6. a3 Nbd7 7. Nf3 Qa5 8. Be2 b5 9. 0-0 Qc7 10. Rfe1 e5 11. Rad1 h6 12. Bxf6 Bxf6 13. d5 c5 14. Nxb5 Qb6 15. c4 a6 16. Nc3 Rb8 17. Rb1 Bg7 18. b4 0-0 19. Bd3 f5 20. Nh4 f4 21. Nxg6 Rf7 22. Nh4 1-0

[Event "Uljanovsk Elo"]
[Site "Uljanovsk"]
[Date "2007.12.12"]
[Round "8"]
[White "Shamshetdinov, Rjastam"]
[Black "Gusakov, Vitaly Semenovich"]
[Result "1/2-1/2"]
[WhiteElo "2143"]
[BlackElo "2276"]
[PlyCount "53"]
[EventDate "2007.12.07"]
[EventType "tourn"]
[EventRounds "11"]
[EventCountry "RUS"]
[EventCategory "1"]
[SourceTitle "CBM 122 Extra"]
[Source "ChessBase"]
[SourceDate "2008.03.04"]
[SourceVersion "1"]
[SourceVersionDate "2008.03.04"]
[SourceQuality "1"]

1. e4 c6 2. d4 d5 3. e5 c5 4. dxc5 e6 5. Be3 Nc6 6. Nf3 Qc7 7. Bb5 Bd7 8. Bxc6 Bxc6 9. c3 a5 10. a4 Bd7 11. 0-0 Bxc5 12. Bxc5 Qxc5 13. Nd4 Ne7 14. Re1 0-0 15. Na3 Ng6 16. Nac2 f6 17. exf6 Rxf6 18. Ne3 e5 19. Nf3 e4 20. Qd4 Rc8 21. Qxc5 Rxc5 22. Nd4 Nf4 23. Nb3 Rcc6 24. Nxa5 Ra6 25. Nxb7 Rxa4 26. Rad1 Bc6 27. Nc5 1/2-1/2

[Event "Uljanovsk Elo"]
[Site "Uljanovsk"]
[Date "2007.12.11"]
[Round "7"]
[White "Gusakov, Vitaly Semenovich"]
[Black "Balashov, Vladimir"]
[Result "1/2-1/2"]
[WhiteElo "2276"]
[BlackElo "2334"]
[PlyCount "31"]
[EventDate "2007.12.07"]
[EventType "tourn"]
[EventRounds "11"]
[EventCountry "RUS"]
[EventCategory "1"]
[SourceTitle "CBM 122 Extra"]
[Source "ChessBase"]
[SourceDate "2008.03.04"]
[SourceVersion "1"]
[SourceVersionDate "2008.03.04"]
[SourceQuality "1"]

1. Nf3 Nf6 2. g3 d5 3. d4 Bg4 4. Bg2 c6 5. Ne5 Bh5 6. 0-0 e6 7. c4 Nbd7 8. Bf4 Be7 9. Nd2 0-0 10. Re1 Nxe5 11. dxe5 Nd7 12. cxd5 cxd5 13. Nf3 h6 14. Qd4 Qb6 15. Qxb6 Nxb6 16. h4 1/2-1/2

[Event "Uljanovsk Elo"]
[Site "Uljanovsk"]
[Date "2007.12.10"]
[Round "5"]
[White "Gusakov, Vitaly Semenovich"]
[Black "Rudnev, Yuri"]
[Result "1-0"]
[WhiteElo "2276"]
[BlackElo "2187"]
[PlyCount "51"]
[EventDate "2007.12.07"]
[EventType "tourn"]
[EventRounds "11"]
[EventCountry "RUS"]
[EventCategory "1"]
[SourceTitle "CBM 122 Extra"]
[Source "ChessBase"]
[SourceDate "2008.03.04"]
[SourceVersion "1"]
[SourceVersionDate "2008.03.04"]
[SourceQuality "1"]

1. d4 d5 2. c4 c6 3. Nf3 Nf6 4. e3 e6 5. Bd3 dxc4 6. Bxc4 b5 7. Be2 Nbd7 8. a4 b4 9. 0-0 Bb7 10. a5 a6 11. Qa4 Bd6 12. Nbd2 0-0 13. Nc4 Be7 14. Bd2 c5 15. dxc5 Nxc5 16. Qxb4 Bxf3 17. Bxf3 Nce4 18. Qb6 Nxd2 19. Bxa8 Nxc4 20. Qxa6 Qxa8 21. Qxc4 Rc8 22. Qa4 Rb8 23. a6 Nd5 24. a7 Rxb2 25. Rfc1 Nb6 26. Qc6 1-0

[Event "Uljanovsk-ch"]
[Site "Uljanovsk"]
[Date "2007.03.18"]
[Round "9"]
[White "Gusakov, Vitaly Semenovich"]
[Black "Saveliev, Dmitri"]
[Result "1-0"]
[WhiteElo "2244"]
[BlackElo "2063"]
[PlyCount "79"]
[EventDate "2007.03.10"]
[EventType "tourn"]
[EventRounds "11"]
[EventCountry "RUS"]
[SourceTitle "EXT 2008"]
[Source "ChessBase"]
[SourceDate "2007.11.25"]
[SourceVersion "1"]
[SourceVersionDate "2007.11.25"]
[SourceQuality "1"]

1. d4 e6 2. c4 b6 3. Nc3 Bb7 4. a3 f5 5. d5 Nf6 6. Nf3 exd5 7. cxd5 Bd6 8. g3 0-0 9. Bg2 a6 10. 0-0 Qe8 11. e3 Qh5 12. Nd4 Qxd1 13. Rxd1 g6 14. b4 a5 15. b5 Be5 16. Bb2 Bxd4 17. Rxd4 d6 18. Rc4 Ne8 19. e4 Nd7 20. exf5 gxf5 21. Rd4 Nc5 22. Re1 Ng7 23. Re7 Rf7 24. Rxf7 Kxf7 25. Nd1 Re8 26. Ne3 Bc8 27. Rh4 Kg8 28. Bf3 Bd7 29. a4 Rf8 30. Ng2 Rf7 31. Bd1 Ne8 32. Nf4 Ng7 33. f3 Rf8 34. Kf2 Be8 35. Bc2 Bg6 36. Rh6 Kf7 37. h4 Kg8 38. Nxg6 hxg6 39. Rxg6 Rf7 40. Ke3 1-0

[Event "Uljanovsk-ch sf"]
[Site "Uljanovsk"]
[Date "2007.02.16"]
[Round "7"]
[White "Gusakov, Vitaly Semenovich"]
[Black "Chikunov, Anatoliy"]
[Result "1-0"]
[WhiteElo "2244"]
[BlackElo "2015"]
[PlyCount "79"]
[EventDate "2007.02.10"]
[EventType "swiss"]
[EventRounds "9"]
[EventCountry "RUS"]
[SourceTitle "EXT 2019"]
[Source "ChessBase"]
[SourceDate "2018.10.10"]
[SourceVersion "1"]
[SourceVersionDate "2018.10.10"]
[SourceQuality "1"]

1. e4 d6 2. d4 g6 3. Nf3 Bg7 4. Bc4 Nf6 5. Qe2 0-0 6. e5 Ne8 7. Nc3 c6 8. h3 b5 9. Bd3 Nc7 10. 0-0 Nd7 11. exd6 exd6 12. Bf4 Nf6 13. Rfe1 Ne6 14. Bh2 b4 15. Ne4 Nxe4 16. Qxe4 d5 17. Qe3 c5 18. Be5 f6 19. Bh2 c4 20. Bf1 Qb6 21. c3 a5 22. b3 cxb3 23. c4 b2 24. Rab1 f5 25. Be5 f4 26. Qd2 Bd7 27. cxd5 Nc7 28. Bxg7 Kxg7 29. Re7+ Rf7 30. Rxf7+ Kxf7 31. Ne5+ Ke8 32. Qxf4 Bf5 33. Bc4 Qd6 34. Rxb2 Rb8 35. Re2 Kf8 36. g4 Nxd5 37. Nxg6+ Qxg6 38. Qxb8+ Kg7 39. Bxd5 Kh6 40. Qf4+ 1-0

[Event "Uljanovsk-ch sf"]
[Site "Uljanovsk"]
[Date "2007.02.15"]
[Round "6"]
[White "Sanatullin, Rinat"]
[Black "Gusakov, Vitaly Semenovich"]
[Result "1/2-1/2"]
[WhiteElo "2184"]
[BlackElo "2244"]
[PlyCount "51"]
[EventDate "2007.02.10"]
[EventType "swiss"]
[EventRounds "9"]
[EventCountry "RUS"]
[SourceTitle "EXT 2019"]
[Source "ChessBase"]
[SourceDate "2018.10.10"]
[SourceVersion "1"]
[SourceVersionDate "2018.10.10"]
[SourceQuality "1"]

1. d4 d6 2. Nf3 Nf6 3. c4 g6 4. g3 Bg7 5. Bg2 0-0 6. 0-0 Nbd7 7. Nc3 e5 8. e4 h6 9. h3 Re8 10. Be3 exd4 11. Nxd4 Nc5 12. Qc2 a5 13. Rad1 Bd7 14. Rfe1 Qc8 15. Kh2 a4 16. f4 Ne6 17. Nf3 Nf8 18. c5 a3 19. b3 Ra6 20. e5 Bf5 21. Qc1 N6d7 22. cxd6 cxd6 23. Nd5 Rc6 24. Qxa3 Ra6 25. Qc1 Rc6 26. Qa3 1/2-1/2

[Event "Uljanovsk-ch sf"]
[Site "Uljanovsk"]
[Date "2007.02.12"]
[Round "3"]
[White "Gusakov, Vitaly Semenovich"]
[Black "Makarov, Anatoliy"]
[Result "1-0"]
[WhiteElo "2244"]
[BlackElo "1965"]
[PlyCount "67"]
[EventDate "2007.02.10"]
[EventType "swiss"]
[EventRounds "9"]
[EventCountry "RUS"]
[SourceTitle "EXT 2019"]
[Source "ChessBase"]
[SourceDate "2018.10.10"]
[SourceVersion "1"]
[SourceVersionDate "2018.10.10"]
[SourceQuality "1"]

1. e4 e5 2. Nf3 Nc6 3. d4 exd4 4. Nxd4 Bc5 5. Be3 Be7 6. Nc3 Nf6 7. Qe2 0-0 8. 0-0-0 d6 9. h3 Re8 10. g4 Bf8 11. Bg2 Nb4 12. a3 Na6 13. Nb3 Rb8 14. Bxa7 Ra8 15. Be3 c5 16. Nxc5 Nxc5 17. Bxc5 Qc7 18. Bd4 Nd7 19. Nd5 Qa5 20. Qd2 Qd8 21. Qc3 b5 22. Nc7 b4 23. axb4 Qg5+ 24. Be3 Ra1+ 25. Kd2 Rxd1+ 26. Rxd1 Qe5 27. Nxe8 Qxe8 28. Kc1 Bb7 29. Qc7 Ba8 30. b5 Ne5 31. b6 Qa4 32. b7 Bxb7 33. Qxb7 Nc4 34. Kb1 1-0

[Event "RSFSR-11ch corr8688"]
[Site "USSR"]
[Date "1988.??.??"]
[Round "?"]
[White "Karmov, Mazmadin Tumkaevich"]
[Black "Gusakov, Vitaly Semenovich"]
[Result "1/2-1/2"]
[WhiteElo "2235"]
[BlackElo "2251"]
[PlyCount "71"]
[EventDate "1986.??.??"]
[EventType "tourn (corr)"]
[EventRounds "15"]
[EventCountry "URS"]
[SourceTitle "Corr 2011"]
[Source "ChessBase"]
[SourceDate "2010.08.31"]
[SourceVersion "1"]
[SourceVersionDate "2010.08.31"]
[SourceQuality "1"]

1. e4 c6 2. d4 d5 3. Nc3 dxe4 4. Nxe4 Nf6 5. Nxf6+ gxf6 6. c3 Bf5 7. Bf4 h5 8. h4 Nd7 9. Bd3 Bxd3 10. Qxd3 Qa5 11. Ne2 e6 12. 0-0 Be7 13. a4 Nb6 14. Bg3 Qa6 15. Qd1 Nc4 16. b3 Nd6 17. Nf4 Ne4 18. Rc1 Qa5 19. b4 Qf5 20. Re1 Qh7 21. b5 f5 22. bxc6 bxc6 23. Qd3 Qh6 24. Qa6 0-0 25. Nh3 Nxg3 26. fxg3 Rfc8 27. Qe2 Kh7 28. Rb1 Bd6 29. Rb7 Rc7 30. Ng5+ Kg7 31. Reb1 Rac8 32. Kh2 f4 33. gxf4 Bxf4+ 34. g3 Bxg5 35. Rxc7 Rxc7 36. Qe5+ 1/2-1/2